000 00622nam a2200193Ia 4500
003 IN-BaIIA
008 211028s9999 xx 000 0 eng d
040 _cIIA Library
080 _a517.91
_bLEV
100 _aLevi-Civita, Tullio
_92328
245 2 _aA simplified presentation of einstein's unified field equations
_cTullio Levi-Civita
260 _aLondon
_bBlackie
300 _a22p.
650 _aAstronomy and Astrophysics Thesaurus
650 _aDifferential Equations
_91510
650 _aUnified Field Equations
_92329
700 _aJohn Dougall, tr.
_92330
942 _cBK
999 _c1095
_d1095